Who's cashing in on the Act? (Record no. 63389)
[ view plain ]
| 000 -LEADER | |
|---|---|
| fixed length control field | 01011cam a2200193 4500 |
| 001 - CONTROL NUMBER | |
| control field | ABS62135 |
| 008 - FIXED-LENGTH DATA ELEMENTS--GENERAL INFORMATION | |
| fixed length control field | 000000n2000 000 0 eng u |
| 035 ## - SYSTEM CONTROL NUMBER | |
| System control number | (Sirsi) u105854 |
| 245 ## - TITLE STATEMENT | |
| Title | Who's cashing in on the Act? |
| 260 ## - PUBLICATION, DISTRIBUTION, ETC. | |
| Date of publication, distribution, etc. | 2000 |
| 490 ## - SERIES STATEMENT | |
| Series statement | Contract Journal |
| Volume/sequential designation | 403(6273) 19 April 2000, 20-21(2) |
| 520 ## - SUMMARY, ETC. | |
| Summary, etc. | Reviews a report to be made by the Construction Liaison Group to the Environment Secretary assessing the effect of the Construction Act 1996, in the shape of the Scheme for Construction Contracts, on driving out contractual and payment abuses. After analysing some 100 subcontract forms of contract the CLG finds over half non-compliant and new onerous clauses being introduced. Reviews this and other issues the CLG would like reviewed with a view to extending the legislation. |
| 590 ## - LOCAL NOTE (RLIN) | |
| Local note | ABS |
| 650 ## - SUBJECT ADDED ENTRY--TOPICAL TERM | |
| Topical term or geographic name entry element | CONSTRUCTION LIAISON GROUP |
| 650 ## - SUBJECT ADDED ENTRY--TOPICAL TERM | |
| Topical term or geographic name entry element | SCHEME FOR CONSTRUCTION CONTRACTS |
| 650 ## - SUBJECT ADDED ENTRY--TOPICAL TERM | |
| Topical term or geographic name entry element | ONEROUS CLAUSES |
| 690 ## - LOCAL SUBJECT ADDED ENTRY--TOPICAL TERM (OCLC, RLIN) | |
| Topical term or geographic name as entry element | BUILT ENVIRONMENT-BUILDING CONTRACT FORMS |
| 942 ## - ADDED ENTRY ELEMENTS (KOHA) | |
| Suppress in OPAC | 0 |
| Withdrawn status | Lost status | Source of classification or shelving scheme | Damaged status | Not for loan | Home library | Current library | Shelving location | Date acquired | Total Checkouts | Full call number | Barcode | Date last seen | Copy number | Price effective from | Koha item type |
|---|---|---|---|---|---|---|---|---|---|---|---|---|---|---|---|
| Dewey Decimal Classification | London | London | Journal article | 09/05/2000 | ABS62135 | 105854-1001 | 06/08/2019 | 1 | 06/08/2019 | Journal article |